<?xml version="1.0" encoding="UTF-8"?>
<record
    xmlns:xsi="http://www.w3.org/2001/XMLSchema-instance"
    xsi:schemaLocation="http://www.loc.gov/MARC21/slim http://www.loc.gov/standards/marcxml/schema/MARC21slim.xsd"
    xmlns="http://www.loc.gov/MARC21/slim">

  <leader>01052nam a22002057a 4500</leader>
  <controlfield tag="008">100721s1998    xxu||||| |||| 00| 0 ara d</controlfield>
  <datafield tag="082" ind1=" " ind2=" ">
    <subfield code="2">22</subfield>
    <subfield code="a">658.4052</subfield>
    <subfield code="b">&#x646; &#x64A; &#x631;</subfield>
  </datafield>
  <datafield tag="100" ind1="1" ind2=" ">
    <subfield code="9">16589</subfield>
    <subfield code="a">&#x646;&#x64A;&#x631;&#x646;&#x628;&#x631;&#x62C; &#x60C; &#x62C;&#x64A;&#x631;&#x627;&#x631;&#x62F; &#x625; .</subfield>
  </datafield>
  <datafield tag="245" ind1=" " ind2=" ">
    <subfield code="a">&#x623;&#x633;&#x633; &#x627;&#x644;&#x62A;&#x641;&#x627;&#x648;&#x636; /</subfield>
    <subfield code="c">&#x62C;&#x64A;&#x631;&#x627;&#x631;&#x62F; &#x625; . &#x646;&#x64A;&#x631;&#x646;&#x628;&#x631;&#x62C; &#x61B; &#x62A;&#x631;&#x62C;&#x645;&#x629; &#x62D;&#x627;&#x632;&#x645; &#x639;&#x628;&#x62F; &#x627;&#x644;&#x631;&#x62D;&#x645;&#x646; &#x61B; &#x645;&#x631;&#x627;&#x62C;&#x639;&#x629; &#x62D;&#x633;&#x646; &#x645;&#x62D;&#x645;&#x62F; &#x648;&#x62C;&#x64A;&#x647;</subfield>
  </datafield>
  <datafield tag="260" ind1=" " ind2=" ">
    <subfield code="a">&#x627;&#x644;&#x642;&#x627;&#x647;&#x631;&#x629; :</subfield>
    <subfield code="b">&#x627;&#x644;&#x645;&#x643;&#x62A;&#x628;&#x629; &#x627;&#x644;&#x623;&#x643;&#x627;&#x62F;&#x64A;&#x645;&#x64A;&#x629; &#x60C;</subfield>
    <subfield code="c">1998.</subfield>
  </datafield>
  <datafield tag="300" ind1=" " ind2=" ">
    <subfield code="a">366 &#x635; &#x61B;</subfield>
    <subfield code="c">24 &#x633;&#x645;.</subfield>
  </datafield>
  <datafield tag="504" ind1=" " ind2=" ">
    <subfield code="a">&#x64A;&#x62D;&#x62A;&#x648;&#x649; &#x639;&#x644;&#x649; &#x625;&#x631;&#x62C;&#x627;&#x639;&#x627;&#x62A; &#x628;&#x628;&#x644;&#x64A;&#x648;&#x62C;&#x631;&#x627;&#x641;&#x64A;&#x629;</subfield>
  </datafield>
  <datafield tag="541" ind1=" " ind2=" ">
    <subfield code="a">&#x623;&#x644;&#x641; &#x628;&#x627;&#x621; &#x61B;</subfield>
    <subfield code="c">&#x634;&#x631;&#x627;&#x621; &#x61B;</subfield>
  </datafield>
  <datafield tag="650" ind1=" " ind2=" ">
    <subfield code="9">16590</subfield>
    <subfield code="a">&#x627;&#x644;&#x645;&#x641;&#x627;&#x648;&#x636;&#x627;&#x62A;</subfield>
  </datafield>
  <datafield tag="650" ind1=" " ind2=" ">
    <subfield code="9">16591</subfield>
    <subfield code="a">&#x625;&#x62F;&#x627;&#x631;&#x629; &#x627;&#x644;&#x623;&#x639;&#x645;&#x627;&#x644;</subfield>
  </datafield>
  <datafield tag="700" ind1=" " ind2=" ">
    <subfield code="9">16592</subfield>
    <subfield code="a">&#x639;&#x628;&#x62F; &#x627;&#x644;&#x631;&#x62D;&#x645;&#x646; &#x60C; &#x62D;&#x627;&#x632;&#x645;</subfield>
    <subfield code="e">&#x62A;&#x631;&#x62C;&#x645;&#x629;</subfield>
  </datafield>
  <datafield tag="700" ind1=" " ind2=" ">
    <subfield code="9">16593</subfield>
    <subfield code="a">&#x648;&#x62C;&#x64A;&#x647; &#x60C; &#x62D;&#x633;&#x646; &#x645;&#x62D;&#x645;&#x62F;</subfield>
    <subfield code="e">&#x645;&#x631;&#x627;&#x62C;&#x639;&#x629;</subfield>
  </datafield>
  <datafield tag="942" ind1=" " ind2=" ">
    <subfield code="2">ddc</subfield>
    <subfield code="c">BB</subfield>
  </datafield>
  <datafield tag="999" ind1=" " ind2=" ">
    <subfield code="c">14520</subfield>
    <subfield code="d">14520</subfield>
  </datafield>
  <datafield tag="952" ind1=" " ind2=" ">
    <subfield code="0">0</subfield>
    <subfield code="1">0</subfield>
    <subfield code="2">ddc</subfield>
    <subfield code="4">0</subfield>
    <subfield code="7">0</subfield>
    <subfield code="8">Alef-Baa</subfield>
    <subfield code="a">MAIN</subfield>
    <subfield code="b">MAIN</subfield>
    <subfield code="c">1ST</subfield>
    <subfield code="d">2010-07-21</subfield>
    <subfield code="e">purchase</subfield>
    <subfield code="o">658.4052 &#x646; &#x64A; &#x631;</subfield>
    <subfield code="p">000021569</subfield>
    <subfield code="r">2025-07-15 00:00:00</subfield>
    <subfield code="s">2012-05-31</subfield>
    <subfield code="y">BB</subfield>
  </datafield>
</record>
